| 000 -CABECERA |
| Longitud fija campo de control |
00676nam a2200229 a 4500 |
| 001 - NÚMERO DE CONTROL |
| Número de control |
3079 |
| 003 - IDENTIFICADOR DEL NÚMERO DE CONTROL |
| Identificador del número de control |
CDMR |
| 005 - FECHA Y HORA DE LA ÚLTIMA TRANSACCIÓN |
| Fecha y hora de la última transacción |
20131104174621.0 |
| 008 - CÓDIGOS DE INFORMACIÓN DE LONGITUD FIJA |
| Códigos de información de longitud fija |
130130s1976||||||||||||||||||||||||||||d |
| 040 ## - FUENTE DE LA CATALOGACIÓN |
| Centro catalogador de origen |
CDMR |
| Lengua de catalogación |
cat |
| Centro transcriptor |
CDMR |
| 110 2# - PUNTO DE ACCESO PRINCIPAL-NOMBRE DE ENTIDAD CORPORATIVA |
| Nombre de entidad corporativa o nombre de jurisdicción como elemento inicial |
Centro Interamericano de Periodismo Educativo y Científico |
| 9 (RLIN) |
2248 |
| 245 10 - MENCIÓN DE TÍTULO |
| Título |
Periodismo educativo y científico |
| Mención de responsabilidad, etc. |
CIMPEC-OEA |
| 246 ## - VARIANTES DE TÍTULO |
| Título propio / Título en breve |
Manual de Periodismo Educativo y Científico |
| 250 ## - MENCIÓN DE EDICIÓN |
| Mención de edición |
2a ed. |
| 260 ## - PUBLICACIÓN, DISTRIBUCIÓN, ETC. (PIE DE IMPRENTA) |
| Lugar de publicación, distribución, etc. |
Quito |
| Fecha de publicación, distribución, etc. |
1976 |
| Nombre del editor, distribuidor, etc. |
Epoca |
| 300 ## - DESCRIPCIÓN FÍSICA |
| Extensión |
205 p. |
| 490 0# - MENCIÓN DE SERIE |
| Mención de serie |
Intiyan |
| Designación de volumen o secuencia |
2 |
| 650 04 - PUNTO DE ACCESO ADICIONAL DE MATERIA - TÉRMINO DE MATERIA |
| 9 (RLIN) |
2804 |
| Término de materia o nombre geográfico como elemento inicial |
Periodisme científic |
| 650 04 - PUNTO DE ACCESO ADICIONAL DE MATERIA - TÉRMINO DE MATERIA |
| 9 (RLIN) |
3668 |
| Término de materia o nombre geográfico como elemento inicial |
Comunicació i ciència |
| 650 04 - PUNTO DE ACCESO ADICIONAL DE MATERIA - TÉRMINO DE MATERIA |
| 9 (RLIN) |
2730 |
| Término de materia o nombre geográfico como elemento inicial |
Informació i educació |
| 942 ## - ENTRADA DE ELEMENTOS AGREGADOS (KOHA) |
| Koha [por defecto] tipo de item |
Monografies |
| Fuente de clasificaión o esquema |
|